| 000 | 01153nam a2200289 a 4500 | ||
|---|---|---|---|
| 001 | ebr10682360 | ||
| 003 | CaPaEBR | ||
| 006 | m u | ||
| 007 | cr cn||||||||| | ||
| 008 | 130410s2013 mauad sb 000 0 eng d | ||
| 020 | _z9781118237878 | ||
| 040 |
_aCaPaEBR _cCaPaEBR |
||
| 035 | _a(OCoLC)847623145 | ||
| 050 | 1 | 4 |
_aTP159.F52 _bC44 2013eb |
| 082 | 0 | 4 |
_a658.4038 _223 |
| 100 | 1 | _aCheremisinoff, Nicholas P. | |
| 245 | 1 | 0 |
_aIndustrial gas flaring practices _h[electronic resource] / _cNicholas P. Cheremisinoff. |
| 260 |
_aSalem, Mass. : _bScrivener Pub., _c2013. |
||
| 300 |
_axi, 255 p. : _bill. |
||
| 504 | _aIncludes bibliographical references. | ||
| 533 |
_aElectronic reproduction. _bPalo Alto, Calif. : _cebrary, _d2013. _nAvailable via World Wide Web. _nAccess may be limited to ebrary affiliated libraries. |
||
| 650 | 0 |
_aFlare gas systems (Chemical engineering) _xEnvironmental aspects. |
|
| 650 | 0 | _aIndustrial toxicology. | |
| 655 | 7 |
_aElectronic books. _2local |
|
| 710 | 2 | _aebrary, Inc. | |
| 856 | 4 | 0 |
_uhttp://site.ebrary.com/lib/rucke/Doc?id=10682360 _zAn electronic book accessible through the World Wide Web; click to view |
| 999 |
_c61449 _d61449 |
||